U N Mitra's law of limitation & prescription : (Record no. 92438)
[ view plain ]
| 000 -LEADER | |
|---|---|
| fixed length control field | 01048nam a22002537a 4500 |
| 005 - DATE AND TIME OF LATEST TRANSACTION | |
| control field | 20150428143512.0 |
| 010 ## - LCCN (DPL NO) | |
| LC control number | ENG-112426-427 |
| 020 ## - INTERNATIONAL STANDARD BOOK NUMBER | |
| International Standard Book Number | 9788180386770 (set of 2 vols.) |
| Terms of availability | 3495.00 (set of 2 vols.) |
| 035 ## - SYSTEM CONTROL NUMBER | |
| System control number | EN-95958-959 |
| 037 ## - SOURCE OF ACQUISITION | |
| Source of stock number/acquisition | DBAD/PUB |
| 082 ## - DEWEY DECIMAL CLASSIFICATION NUMBER | |
| Classification number | 347.54052 |
| 100 ## - MAIN ENTRY--PERSONAL NAME | |
| Personal name | Mitra, Upendra Nath |
| 245 ## - TITLE STATEMENT | |
| Title | U N Mitra's law of limitation & prescription : |
| Remainder of title | by Upendra Nath Mitra |
| Statement of responsibility, etc | the most exhaustive and authoritative commentary on the Limitation Act, 1963 / |
| 250 ## - EDITION STATEMENT | |
| Edition statement | 13th ed by S.A. Kader |
| 260 ## - PUBLICATION, DISTRIBUTION, ETC. (IMPRINT) | |
| Place of publication, distribution, etc | Gurgaon |
| Name of publisher, distributor, etc | LexisNexis |
| Date of publication, distribution, etc | 2011 |
| 270 ## - ADDRESS | |
| Address | 14th Floor, Building No.10, Tower-B, DLF Cyber City, Phase-II |
| City | Gurgaon |
| Postal code | 122002 |
| 300 ## - PHYSICAL DESCRIPTION | |
| Extent | 2V.(cdxx,1275,180p.; xcvi, 1277-2639,180p.) |
| Dimensions | 25cm(Hb) |
| 500 ## - GENERAL NOTE | |
| General note | Includes bibliographical references and index. |
| 505 ## - FORMATTED CONTENTS NOTE | |
| Formatted contents note | v.1- Section 1 to 32 and Article 1 to 60 ; v.2- Article 61 to end<br/> |
| 650 ## - SUBJECT ADDED ENTRY--TOPICAL TERM | |
| Topical term or geographic name as entry element | Limitation of actions |
| Geographic subdivision | India. |
| 650 ## - SUBJECT ADDED ENTRY--TOPICAL TERM | |
| Topical term or geographic name as entry element | Prescription (Law) |
| Geographic subdivision | India. |
| 700 ## - ADDED ENTRY--PERSONAL NAME | |
| Personal name | Kader, S.A. |
| 942 ## - ADDED ENTRY ELEMENTS (KOHA) | |
| Source of classification or shelving scheme | Dewey Decimal Classification |
| Item type | English Books |
| Call number suffix | MIT |
| Classification part | 347.54052 |
| Withdrawn status | Lost status | Materials specified (bound volume or other part) | Not for loan | Collection code | Home library | Current library | Date acquired | Source of acquisition | Cost, normal purchase price | Full call number | Barcode | Copy number | Cost, replacement price | Koha item type |
|---|---|---|---|---|---|---|---|---|---|---|---|---|---|---|
| v.1 | Not For Loan | Non-fiction | D.B.Act.Division | D.B.Act.Division | 24/03/2015 | DBAD/PUB | 3495.00 | 347.54052 MIT | EN-95958 | 1 | 3495.00 | English Books | ||
| v.2 | Not For Loan | Non-fiction | D.B.Act.Division | D.B.Act.Division | 24/03/2015 | DBAD/PUB | 3495.00 | 347.54052 MIT | EN-95959 | 1 | 3495.00 | English Books |
